[Event "IX American Continental Classical Championship 201"]
[Site "Hotel Pipa AtlÃ¢ntico - Praia da Pipa - Rio Grande"]
[Date "2014.10.24"]
[Round "9"]
[Board "33"]
[White "Terao, Juliana Sayumi"]
[Black "Arango, Andres Mauricio"]
[Result "1/2-1/2"]
[WhiteElo "2229"]
[BlackElo "2111"]
[PlyCount "42"]
[EventDate "2014.10.18"]
[EventRounds "11"]
[EventCountry "BRA"]

1. e4 c5 2. Nf3 e6 3. d4 cxd4 4. Nxd4 Nf6 5. Bd3 Nc6 6. Nxc6 bxc6 7. O-O d5 8.
Nd2 Be7 9. c4 O-O 10. Qc2 h6 11. b3 a5 12. a3 Bb7 13. Rd1 Qb6 14. Bb2 Nd7 15.
Rab1 Bf6 16. b4 axb4 17. axb4 Ra2 18. exd5 exd5 19. Bf5 Rxb2 20. Rxb2 Bxb2 21.
Qxb2 Rd8 1/2-1/2

[Event "IX American Continental Classical Championship 201"]
[Site "Hotel Pipa AtlÃ¢ntico - Praia da Pipa - Rio Grande"]
[Date "2014.10.24"]
[Round "9"]
[Board "34"]
[White "Sega, Carlos Alberto"]
[Black "De Vjunior, Liduino Furtado"]
[Result "1-0"]
[WhiteElo "2218"]
[BlackElo "2106"]
[PlyCount "107"]
[EventDate "2014.10.18"]
[EventRounds "11"]
[EventCountry "BRA"]

1. c4 e5 2. Nc3 Nc6 3. g3 g6 4. Bg2 Bg7 5. d3 d6 6. e3 f5 7. Nge2 Nge7 8. Rb1
a5 9. a3 O-O 10. O-O g5 11. f4 exf4 12. exf4 g4 13. d4 Ng6 14. d5 Nce7 15. Be3
h5 16. Re1 h4 17. c5 Bd7 18. cxd6 cxd6 19. Nd4 hxg3 20. hxg3 Rf6 21. Bf2 Nf8
22. Re2 Rh6 23. Qd3 Bf6 24. Rbe1 Kf7 25. Ne6 Bxe6 26. dxe6+ Kg6 27. Nd5 Nh7 28.
Nxe7+ Bxe7 29. Bd4 Nf6 30. Rc2 Qh8 31. Rc7 Qh7 32. Rxb7 Rh8 33. Bxf6 Kxf6 34.
Qd4+ Kg6 35. Qd5 Rc8 36. Rb5 Rh5 37. Qd3 Kf6 38. Rxa5 Rh2 39. Rxf5+ Qxf5 40.
Qd4+ Kg6 41. Be4 Rcc2 42. Bxf5+ Kxf5 43. Qe4+ Kf6 44. Rc1 Rce2 45. Qd5 Kg6 46.
Rc8 Rd2 47. Qe4+ Kf6 48. Rg8 Rh6 49. Rxg4 Bd8 50. Rh4 Rg6 51. g4 Bb6+ 52. Kh1
Rd1+ 53. Kh2 Rd2+ 54. Kh3 1-0

[Event "IX American Continental Classical Championship 201"]
[Site "Hotel Pipa AtlÃ¢ntico - Praia da Pipa - Rio Grande"]
[Date "2014.10.24"]
[Round "9"]
[Board "35"]
[White "Daneri, Martin"]
[Black "Fernandez, Maria Florencia"]
[Result "0-1"]
[WhiteElo "2099"]
[BlackElo "2218"]
[PlyCount "54"]
[EventDate "2014.10.18"]
[EventRounds "11"]
[EventCountry "BRA"]

1. d4 Nf6 2. c4 g6 3. Nc3 Bg7 4. e4 d6 5. Be2 O-O 6. g4 c5 7. g5 Nfd7 8. d5 Re8
9. h4 Nf8 10. h5 a6 11. hxg6 fxg6 12. a4 e6 13. Bf4 Kh8 14. Ra3 exd5 15. exd5
Nbd7 16. Kf1 Ne5 17. Nf3 Qe7 18. Rb3 Nfd7 19. Nh4 Kg8 20. Qd2 Rf8 21. a5 Nf7
22. Bg4 Nde5 23. Bxc8 Raxc8 24. Ne4 Nxc4 25. Qc2 Nfe5 26. Rc3 Rxf4 27. Ng2 Rxe4
 0-1

[Event "IX American Continental Classical Championship 201"]
[Site "Hotel Pipa AtlÃ¢ntico - Praia da Pipa - Rio Grande"]
[Date "2014.10.24"]
[Round "9"]
[Board "36"]
[White "Tapia Fuentes, Jaime"]
[Black "Ferreira, Kleber Victor"]
[Result "1-0"]
[WhiteElo "2208"]
[BlackElo "2079"]
[PlyCount "63"]
[EventDate "2014.10.18"]
[EventRounds "11"]
[EventCountry "BRA"]

1. e4 e5 2. Nf3 Nc6 3. Bb5 f5 4. d3 Nf6 5. O-O Bc5 6. Nc3 O-O 7. Bc4+ Kh8 8. a4
d6 9. Ng5 f4 10. Ne6 Bxe6 11. Bxe6 Nd4 12. Bh3 c6 13. b4 Bb6 14. a5 Bc7 15. Ne2
Nxe2+ 16. Qxe2 g5 17. f3 Qe8 18. Bb2 Rg8 19. d4 h5 20. Bf5 Qf7 21. c4 Rae8 22.
c5 g4 23. cxd6 Bxd6 24. dxe5 Rxe5 25. Rad1 Bc7 26. fxg4 hxg4 27. Rxf4 Qh5 28.
g3 Rg5 29. Qc4 Qe8 30. Rf2 Kg7 31. Bd4 a6 32. Rdf1 1-0

[Event "IX American Continental Classical Championship 201"]
[Site "Hotel Pipa AtlÃ¢ntico - Praia da Pipa - Rio Grande"]
[Date "2014.10.24"]
[Round "9"]
[Board "37"]
[White "Rezende, Guilherme Vilela"]
[Black "Hernandez Riera, Jose"]
[Result "1/2-1/2"]
[WhiteElo "2110"]
[BlackElo "2203"]
[PlyCount "83"]
[EventDate "2014.10.18"]
[EventRounds "11"]
[EventCountry "BRA"]

1. c4 c5 2. g3 Nc6 3. Bg2 g6 4. Nc3 Bg7 5. e4 e6 6. Nge2 Nge7 7. O-O O-O 8. d3
d6 9. Be3 Nd4 10. a3 Rb8 11. Rb1 Nec6 12. b4 b6 13. Qd2 Re8 14. b5 Ne7 15. h4
e5 16. Kh2 Be6 17. a4 f5 18. Bg5 Qd7 19. Nxd4 exd4 20. Nd5 Nxd5 21. exd5 Bf7
22. Rfe1 Be5 23. a5 Bg7 24. Ra1 Rxe1 25. Rxe1 Re8 26. Bf3 Rxe1 27. Qxe1 bxa5
28. Qxa5 h6 29. Qd8+ Qxd8 30. Bxd8 Kf8 31. Bc7 Ke7 32. Bb8 Kd7 33. Bxa7 Kc7 34.
g4 Kb7 35. b6 Bf6 36. gxf5 gxf5 37. Kg3 Be5+ 38. Kh3 h5 39. Bd1 Bf4 40. Kg2 Bd2
41. Kf3 Bh6 42. Be2 1/2-1/2

[Event "IX American Continental Classical Championship 201"]
[Site "Hotel Pipa AtlÃ¢ntico - Praia da Pipa - Rio Grande"]
[Date "2014.10.24"]
[Round "9"]
[Board "38"]
[White "Parente, Renan Braz"]
[Black "Silveira Filho, Neri Da Silva"]
[Result "1-0"]
[WhiteElo "2071"]
[BlackElo "2200"]
[PlyCount "62"]
[EventDate "2014.10.18"]
[EventRounds "11"]
[EventCountry "BRA"]

1. e4 g6 2. d4 Bg7 3. Nf3 d6 4. Nc3 Nf6 5. h3 O-O 6. Be3 c5 7. dxc5 Qa5 8. Nd2
dxc5 9. e5 Nfd7 10. f4 Na6 11. Nc4 Qd8 12. Qe2 Nc7 13. g4 g5 14. Bg2 gxf4 15.
Bxf4 Ne6 16. Bg3 Nd4 17. Qd3 b5 18. Nxb5 Ba6 19. Nxd4 cxd4 20. Qxd4 Rc8 21.
O-O-O Rxc4 22. Qxd7 Qb6 23. Qd2 Rb8 24. c3 Ra4 25. Bd5 Ra5 26. Bb3 Bb7 27. Rhf1
e6 28. Qf2 Qc7 29. Rd4 Ba6 30. Rfd1 Qb6 31. Qd2 Bxe5 1-0

[Event "IX American Continental Classical Championship 201"]
[Site "Hotel Pipa AtlÃ¢ntico - Praia da Pipa - Rio Grande"]
[Date "2014.10.24"]
[Round "9"]
[Board "39"]
[White "Herman, Diego"]
[Black "Macedo, Maximo Valerio"]
[Result "1/2-1/2"]
[WhiteElo "2198"]
[BlackElo "2085"]
[PlyCount "61"]
[EventDate "2014.10.18"]
[EventRounds "11"]
[EventCountry "BRA"]

1. e4 c5 2. a3 e6 3. b4 cxb4 4. axb4 Bxb4 5. c3 Be7 6. d4 d6 7. Bd3 Nc6 8. Nf3
Nf6 9. Nbd2 Qc7 10. O-O O-O 11. Re1 e5 12. Bb2 Re8 13. Nc4 Bf8 14. Ne3 Ne7 15.
c4 Ng6 16. c5 exd4 17. cxd6 Bxd6 18. Bxd4 Ne5 19. Bxe5 Bxe5 20. Rc1 Qe7 21. Nd5
Nxd5 22. exd5 Qd6 23. Ng5 g6 24. Ne4 Qd8 25. f4 Bg7 26. d6 Bf5 27. Rc7 Bd4+ 28.
Kh1 Bxe4 29. Bxe4 Qxd6 30. Rxb7 Rab8 31. Qa4 1/2-1/2

[Event "IX American Continental Classical Championship 201"]
[Site "Hotel Pipa AtlÃ¢ntico - Praia da Pipa - Rio Grande"]
[Date "2014.10.24"]
[Round "9"]
[Board "40"]
[White "Cavalcanti, Francisco De Assis"]
[Black "Pinto, Rafael Henrique"]
[Result "1/2-1/2"]
[WhiteElo "2186"]
[BlackElo "2042"]
[PlyCount "104"]
[EventDate "2014.10.18"]
[EventRounds "11"]
[EventCountry "BRA"]

1. e4 e5 2. Nf3 Nc6 3. Bb5 Nf6 4. d3 Bc5 5. O-O d6 6. c3 O-O 7. Nbd2 a6 8. Ba4
b5 9. Bb3 Be6 10. Bc2 Re8 11. h3 Bb6 12. Ng5 d5 13. Nxe6 fxe6 14. Qe2 Qd6 15.
Re1 Rf8 16. Rf1 Ne7 17. d4 Ng6 18. dxe5 Qxe5 19. Nf3 Qh5 20. exd5 exd5 21. Qe6+
Kh8 22. Qf5 Rae8 23. a4 Qxf5 24. Bxf5 Ne4 25. Bd7 Re7 26. Bc6 Nxf2 27. Nd4 Ne5
28. Bg5 Ref7 29. Bxd5 Rd7 30. Be4 Rxd4 31. cxd4 Bxd4 32. Kh2 Nf7 33. Rxf2 Bxf2
34. Bd2 Nd6 35. Bd3 Bd4 36. axb5 axb5 37. Re1 Bxb2 38. Bb4 Re8 39. Rxe8+ Nxe8
40. Bxb5 Be5+ 41. Kg1 Nf6 42. Bc6 g6 43. Be7 Ng8 44. Bd8 Kg7 45. Bg5 Bf6 46.
Be3 Ne7 47. Bb7 Be5 48. g4 h6 49. Kg2 g5 50. Kf3 Kf6 51. Ke4 Ke6 52. Bc5 Ng6
 1/2-1/2

[Event "IX American Continental Classical Championship 201"]
[Site "Hotel Pipa AtlÃ¢ntico - Praia da Pipa - Rio Grande"]
[Date "2014.10.24"]
[Round "9"]
[Board "41"]
[White "Fiaes, Mario Henrique Andrade"]
[Black "Barata, Adriano Albiani"]
[Result "1-0"]
[WhiteElo "2070"]
[BlackElo "2171"]
[PlyCount "242"]
[EventDate "2014.10.18"]
[EventRounds "11"]
[EventCountry "BRA"]

1. d4 Nf6 2. c4 e6 3. Nf3 c5 4. d5 exd5 5. cxd5 d6 6. Nc3 g6 7. Bf4 Bg7 8. Qa4+
Bd7 9. Qb3 Qc7 10. e4 O-O 11. Be2 a6 12. a4 Nh5 13. Be3 Bg4 14. O-O Nd7 15.
Rfe1 Rac8 16. Rac1 Rfe8 17. h3 Bxf3 18. Bxf3 Nhf6 19. Qc2 Re7 20. g3 Rce8 21.
Bg2 c4 22. Rcd1 Nc5 23. Bd4 Nb3 24. Be3 Nd7 25. f4 Nbc5 26. Rf1 Bxc3 27. bxc3
Nxe4 28. Bxe4 Rxe4 29. Bd4 Qa5 30. Qg2 Qxd5 31. f5 Nf8 32. fxg6 hxg6 33. Qf3
Qe6 34. Rb1 Re7 35. Rb2 Nh7 36. h4 Qg4 37. Qf2 f5 38. Qg2 Nf8 39. Rb6 Re2 40.
Qd5+ Kh7 41. Bf2 Qe4 42. Qxd6 Qf3 43. Rb2 Rd7 44. Qb6 Rxb2 45. Qxb2 Ne6 46. Qb4
Qd5 47. Re1 f4 48. Qb2 fxg3 49. Bxg3 Qf3 50. Kh2 Rd3 51. Qg2 Qxg2+ 52. Kxg2 Nc5
53. Re8 Kg7 54. Rc8 Rd5 55. Bf2 Nxa4 56. Bd4+ Kf7 57. Rc7+ Ke6 58. Rxb7 Rb5 59.
Rg7 Kf5 60. Ra7 Rb2+ 61. Kf3 Nxc3 62. Re7 Rb3 63. Re5+ Kf6 64. Re3+ Kf7 65.
Bxc3 Rb5 66. Re4 Rc5 67. Ke3 g5 68. h5 g4 69. Re5 Rc6 70. Kf4 g3 71. Kxg3 Rd6
72. Kf4 Rd3 73. Re3 Rd5 74. Rh3 Kg8 75. Ke4 Rg5 76. Rh4 Rc5 77. Kd4 Rc8 78. Kd5
Kh7 79. Kd6 a5 80. Re4 Kh6 81. Re5 a4 82. Ra5 Rd8+ 83. Ke6 Rd3 84. Bf6 c3 85.
Kf5 Rf3+ 86. Ke6 c2 87. Rc5 c1=Q 88. Rxc1 Kxh5 89. Rg1 a3 90. Rg2 Rf4 91. Ke5
Rg4 92. Rf2 Kg6 93. Be7 Ra4 94. Ra2 Kf7 95. Bxa3 Ra5+ 96. Kd6 Ra6+ 97. Kc7 Ra7+
98. Kb6 Ra8 99. Rf2+ Ke6 100. Bc5 Kd5 101. Rd2+ Ke5 102. Kb5 Rb8+ 103. Kc4 Rg8
104. Bd4+ Ke6 105. Kc5 Rg5+ 106. Kc6 Kf5 107. Re2 Rg8 108. Bb6 Rg6+ 109. Kc5
Re6 110. Rf2+ Ke4 111. Rf1 Kd3 112. Bc7 Rh6 113. Kd5 Rh5+ 114. Be5 Rh3 115. Ra1
Rh7 116. Ra3+ Ke2 117. Bd4 Rb7 118. Ke4 Re7+ 119. Be5 Kd2 120. Rf3 Kc2 121.
Rf2+ Kd1 {resto ilegÃ­vel} 1-0

[Event "IX American Continental Classical Championship 201"]
[Site "Hotel Pipa AtlÃ¢ntico - Praia da Pipa - Rio Grande"]
[Date "2014.10.24"]
[Round "9"]
[Board "42"]
[White "Fiora, Emilio"]
[Black "Jodorcovsky Werjivker, Paulo"]
[Result "0-1"]
[WhiteElo "2058"]
[BlackElo "2170"]
[PlyCount "32"]
[EventDate "2014.10.18"]
[EventRounds "11"]
[EventCountry "BRA"]

1. d4 Nf6 2. Nc3 d5 3. Bg5 c5 4. Bxf6 gxf6 5. e4 dxe4 6. dxc5 f5 7. Qxd8+ Kxd8
8. O-O-O+ Bd7 9. Bc4 e6 10. b4 Rg8 11. g3 a5 12. Na4 axb4 13. Nb6 Ra5 14. Ne2
Bxc5 15. Nxd7 Nxd7 16. Nf4 Ke7 0-1

[Event "IX American Continental Classical Championship 201"]
[Site "Hotel Pipa AtlÃ¢ntico - Praia da Pipa - Rio Grande"]
[Date "2014.10.24"]
[Round "9"]
[Board "43"]
[White "Souza Neves, Andrey M."]
[Black "Magas Varas, Rodrigo"]
[Result "1/2-1/2"]
[WhiteElo "2173"]
[BlackElo "2041"]
[PlyCount "108"]
[EventDate "2014.10.18"]
[EventRounds "11"]
[EventCountry "BRA"]

1. d4 d5 2. Bf4 Nf6 3. e3 c5 4. c3 Nc6 5. Nd2 g6 6. Bd3 Bg7 7. Ngf3 Bg4 8. h3
Bxf3 9. Nxf3 O-O 10. O-O Nd7 11. Be2 e5 12. dxe5 Ndxe5 13. Nxe5 Nxe5 14. Qb3
Qd7 15. Rad1 Rad8 16. Rd2 Nc6 17. Bg5 c4 18. Qd1 f6 19. Bxc4 fxg5 20. Rxd5 Qf7
21. Rd4 Qxc4 22. Rxc4 Rxd1 23. Rxd1 Rf7 24. Rc5 Bf6 25. Rcd5 Nb8 26. c4 Kg7 27.
b4 Rc7 28. c5 Be7 29. Kf1 Kf6 30. Ke2 Ke6 31. f4 gxf4 32. exf4 a5 33. a3 axb4
34. axb4 Nc6 35. b5 Nb4 36. Re5+ Kf6 37. Rc1 Rd7 38. c6 bxc6 39. bxc6 Rc7 40.
Rb5 Ke6 41. g4 Rxc6 42. Rf1 Rc2+ 43. Kd1 Ra2 44. Re1+ Kf7 45. Rxe7+ Kxe7 46.
Rxb4 h5 47. Rb7+ Kf8 48. gxh5 gxh5 49. Rb5 Kg7 50. Rxh5 Kf6 51. Rh8 Rf2 52. Ke1
Rxf4 53. Ke2 Kg7 54. Ra8 Rf8 1/2-1/2

[Event "IX American Continental Classical Championship 201"]
[Site "Hotel Pipa AtlÃ¢ntico - Praia da Pipa - Rio Grande"]
[Date "2014.10.24"]
[Round "9"]
[Board "44"]
[White "Pinheiro, Davi Sales"]
[Black "Caetano, Hugo Zanotti Mendonca"]
[Result "0-1"]
[WhiteElo "2022"]
[BlackElo "2209"]
[PlyCount "86"]
[EventDate "2014.10.18"]
[EventRounds "11"]
[EventCountry "BRA"]

1. d4 d5 2. c4 e6 3. Nf3 c6 4. e3 f5 5. Nc3 Bd6 6. Qc2 Nh6 7. b3 O-O 8. Bd3 Nd7
9. Ne2 Qe7 10. Bb2 a5 11. O-O g5 12. Ne5 Bxe5 13. dxe5 Ng4 14. cxd5 cxd5 15.
Qc7 Qc5 16. Qxc5 Nxc5 17. Bb5 Bd7 18. Bxd7 Nxd7 19. Nd4 Kf7 20. Nf3 Kg6 21.
Rac1 Rfc8 22. h3 Nh6 23. Nd4 Nxe5 24. Nxe6 Nd3 25. Rxc8 Rxc8 26. Bg7 Re8 27.
Bxh6 Rxe6 28. Bf8 Rc6 29. f4 gxf4 30. exf4 Rc1 31. Bd6 Kf6 32. Rxc1 Nxc1 33.
Bc7 Nxa2 34. Bxa5 Nc1 35. b4 Ne2+ 36. Kf2 Nxf4 37. Kf3 Ne6 38. Ke3 Ke5 39. Bb6
d4+ 40. Kd3 Kd5 41. g4 f4 42. Ba7 f3 43. Bb8 Ng5 0-1

[Event "IX American Continental Classical Championship 201"]
[Site "Hotel Pipa AtlÃ¢ntico - Praia da Pipa - Rio Grande"]
[Date "2014.10.24"]
[Round "9"]
[Board "45"]
[White "Xavier, Lucca Lucas"]
[Black "Caceres Leal, Jaime"]
[Result "0-1"]
[WhiteElo "2039"]
[BlackElo "2157"]
[PlyCount "154"]
[EventDate "2014.10.18"]
[EventRounds "11"]
[EventCountry "BRA"]

1. e4 e5 2. Nf3 Nc6 3. Bb5 Nge7 4. Nc3 g6 5. d4 exd4 6. Nd5 Bg7 7. Bg5 h6 8.
Bf6 Bxf6 9. Nxf6+ Kf8 10. Nxd4 d6 11. O-O Kg7 12. Nd5 Nxd5 13. Bxc6 Nf4 14. Qf3
Qf6 15. Bb5 Qxd4 16. Qxf4 Qxb2 17. Bc4 Qf6 18. Qxf6+ Kxf6 19. f4 Re8 20. e5+
Kg7 21. exd6 cxd6 22. Rad1 Be6 23. Bxe6 Rxe6 24. f5 gxf5 25. Rxf5 Rc8 26. Rd2
Re1+ 27. Rf1 Rxf1+ 28. Kxf1 Kf8 29. Ke2 Ke7 30. Kd3 Rc5 31. Re2+ Re5 32. Rf2
Ke6 33. Rf4 Ra5 34. a4 Rg5 35. g4 f5 36. gxf5+ Rxf5 37. Rh4 h5 38. Ke3 Kd7 39.
Rb4 Kc6 40. h4 a5 41. Rb1 b5 42. axb5+ Rxb5 43. Ra1 Kb6 44. c4 Rb3+ 45. Kd4 Rh3
46. Rb1+ Kc6 47. Rb5 Rxh4+ 48. Kc3 a4 49. Ra5 a3 50. Kb3 Rh1 51. Ka2 Rh3 52.
Rg5 h4 53. Rh5 Rc3 54. Rxh4 Kc5 55. Rg4 Rxc4 56. Rg5+ Kb4 57. Rd5 Rc2+ 58. Kb1
Rc6 59. Ka2 Kc4 60. Rd1 Ra6 61. Rc1+ Kd5 62. Rd1+ Kc6 63. Rc1+ Kd7 64. Rd1 Ra5
65. Rd3 Kc6 66. Rc3+ Kb5 67. Rd3 Kc5 68. Rc3+ Kb4 69. Rd3 d5 70. Rd4+ Kc3 71.
Rd1 d4 72. Rc1+ Kd2 73. Rc4 d3 74. Rc8 Kd1 75. Rd8 d2 76. Re8 Rc5 77. Kxa3 Kc1
 0-1

[Event "IX American Continental Classical Championship 201"]
[Site "Hotel Pipa AtlÃ¢ntico - Praia da Pipa - Rio Grande"]
[Date "2014.10.24"]
[Round "9"]
[Board "46"]
[White "Moccero, Eduardo"]
[Black "Ibar, Marcelo"]
[Result "1-0"]
[WhiteElo "1997"]
[BlackElo "2155"]
[PlyCount "89"]
[EventDate "2014.10.18"]
[EventRounds "11"]
[EventCountry "BRA"]

1. d4 Nf6 2. Nf3 g6 3. c4 Bg7 4. Nc3 O-O 5. Bf4 c5 6. e3 cxd4 7. exd4 d5 8. h3
Nc6 9. Be2 b6 10. O-O Bb7 11. Rc1 Rc8 12. cxd5 Nxd5 13. Nxd5 Qxd5 14. Bc4 Qf5
15. Qd2 Nxd4 16. Nxd4 Qe4 17. Bxf7+ Kh8 18. Nf3 Rxc1 19. Rxc1 Rxf7 20. Be5 Bxe5
21. Re1 Qf4 22. Rxe5 Bxf3 23. Qxf4 Rxf4 24. gxf3 Rf7 25. Kg2 Kg7 26. Kg3 Kf6
27. Re4 e5 28. f4 Re7 29. fxe5+ Rxe5 30. Ra4 a5 31. Rc4 Kf5 32. Rf4+ Ke6 33. b4
Rg5+ 34. Kf3 Rf5 35. bxa5 bxa5 36. h4 Ke5 37. Rxf5+ Kxf5 38. Kg3 Ke4 39. Kg4
Kd3 40. Kg5 Kc2 41. Kh6 a4 42. Kxh7 a3 43. Kxg6 Kb2 44. h5 Kxa2 45. h6 1-0

[Event "IX American Continental Classical Championship 201"]
[Site "Hotel Pipa AtlÃ¢ntico - Praia da Pipa - Rio Grande"]
[Date "2014.10.24"]
[Round "9"]
[Board "47"]
[White "Jorquera Cabello, Valentina"]
[Black "Zallio, Luciano De Souza"]
[Result "1/2-1/2"]
[WhiteElo "2000"]
[BlackElo "2150"]
[PlyCount "80"]
[EventDate "2014.10.18"]
[EventRounds "11"]
[EventCountry "BRA"]

1. e4 e6 2. d4 d5 3. Nc3 Bb4 4. e5 c5 5. a3 Bxc3+ 6. bxc3 Qc7 7. Nf3 b6 8. Bb5+
Bd7 9. a4 Bxb5 10. axb5 Ne7 11. O-O h6 12. Ba3 O-O 13. Qd3 a6 14. dxc5 bxc5 15.
Rfb1 axb5 16. Rxb5 Nd7 17. Qf1 Ng6 18. Qc1 Rfc8 19. Rab1 Ngxe5 20. Nd2 Qd8 21.
f4 Ng6 22. g3 Qf6 23. Bb2 Qf5 24. c4 Qg4 25. Qf1 h5 26. Rb7 Ndf8 27. cxd5 exd5
28. Qf3 Qf5 29. Qc3 Ne6 30. Qd3 Qxd3 31. cxd3 Ngf8 32. Nf3 c4 33. dxc4 dxc4 34.
Rc1 Nc5 35. Rb5 Nd3 36. Rc2 g6 37. Ne5 Nxb2 38. Rbxb2 Ne6 39. Rxc4 Ra1+ 40. Kg2
Rxc4 1/2-1/2

[Event "IX American Continental Classical Championship 201"]
[Site "Hotel Pipa AtlÃ¢ntico - Praia da Pipa - Rio Grande"]
[Date "2014.10.24"]
[Round "9"]
[Board "48"]
[White "Leitao, Nicolau"]
[Black "Hurtado Bahamonde, Rodrigo"]
[Result "1/2-1/2"]
[WhiteElo "2138"]
[BlackElo "2040"]
[PlyCount "51"]
[EventDate "2014.10.18"]
[EventRounds "11"]
[EventCountry "BRA"]

1. d4 d5 2. c4 c6 3. Nf3 Nf6 4. Nc3 dxc4 5. a4 Bg4 6. h3 Bxf3 7. exf3 a5 8.
Bxc4 e6 9. O-O Na6 10. Bg5 Be7 11. Qe2 Qxd4 12. Rad1 Qc5 13. Bxf6 Bxf6 14. Bxe6
O-O 15. Ne4 Qe5 16. Bc4 Nc5 17. Nxc5 Qxc5 18. Rd7 Rab8 19. Rfd1 b5 20. axb5
cxb5 21. Ba2 Qe5 22. Qd2 b4 23. Bb3 Qxb2 24. Qd5 Qe5 25. Qxe5 Bxe5 26. R1d5
 1/2-1/2

[Event "IX American Continental Classical Championship 201"]
[Site "Hotel Pipa AtlÃ¢ntico - Praia da Pipa - Rio Grande"]
[Date "2014.10.24"]
[Round "9"]
[Board "49"]
[White "Haskin, Zachary J"]
[Black "Palacio, Igor Da Paz"]
[Result "1-0"]
[WhiteElo "1976"]
[BlackElo "2130"]
[PlyCount "49"]
[EventDate "2014.10.18"]
[EventRounds "11"]
[EventCountry "BRA"]

1. e4 c5 2. Nf3 d6 3. d4 cxd4 4. Nxd4 Nf6 5. Nc3 a6 6. a4 e5 7. Nb3 Be6 8. Be2
Be7 9. O-O Nbd7 10. f4 exf4 11. Bxf4 Ne5 12. Kh1 O-O 13. Nd4 Qd7 14. Qe1 Nc6
15. Rd1 Nxd4 16. Rxd4 Qc7 17. Qg3 Qb6 18. Rdd1 Rfd8 19. Be3 Qc7 20. Bd4 Kh8 21.
Nd5 Bxd5 22. exd5 Qxc2 23. Bd3 Qxa4 24. Qh4 h6 25. Rde1 1-0

[Event "IX American Continental Classical Championship 201"]
[Site "Hotel Pipa AtlÃ¢ntico - Praia da Pipa - Rio Grande"]
[Date "2014.10.24"]
[Round "9"]
[Board "50"]
[White "Martinez, Ayelen"]
[Black "Pereira, Henry Alberto"]
[Result "0-1"]
[WhiteElo "2120"]
[BlackElo "1995"]
[PlyCount "56"]
[EventDate "2014.10.18"]
[EventRounds "11"]
[EventCountry "BRA"]

1. e4 d5 2. exd5 Qxd5 3. Nc3 Qd6 4. Bc4 Nf6 5. d4 c6 6. Nge2 Bg4 7. f3 Bf5 8.
O-O e6 9. Bf4 Qd8 10. Kh1 Bd6 11. Qd2 O-O 12. Bb3 Qc7 13. Bxd6 Qxd6 14. Rad1 b5
15. Ng3 Bg6 16. f4 a5 17. a3 a4 18. Ba2 b4 19. axb4 Qxb4 20. f5 exf5 21. Nce4
Qxd2 22. Nxf6+ gxf6 23. Rxd2 Ra5 24. h4 h5 25. d5 cxd5 26. Rxd5 Rxd5 27. Bxd5
Re8 28. Rf4 Re3 {resto ilegÃ­vel} 0-1

[Event "IX American Continental Classical Championship 201"]
[Site "Hotel Pipa AtlÃ¢ntico - Praia da Pipa - Rio Grande"]
[Date "2014.10.24"]
[Round "9"]
[Board "51"]
[White "Cabezas Rojas, Bastian"]
[Black "Souza, Marcos Valerio A."]
[Result "1-0"]
[WhiteElo "1942"]
[BlackElo "2117"]
[PlyCount "119"]
[EventDate "2014.10.18"]
[EventRounds "11"]
[EventCountry "BRA"]

1. d4 Nf6 2. c4 g6 3. Nc3 Bg7 4. e4 d6 5. Nf3 O-O 6. h3 e5 7. d5 Nbd7 8. Bg5 a5
9. Be2 Nc5 10. Nd2 h6 11. Be3 Nfd7 12. g4 Kh7 13. Nb3 b6 14. Nxc5 Nxc5 15. h4
Bd7 16. h5 g5 17. b3 Bf6 18. a3 Qc8 19. f3 Qb7 20. O-O Rfb8 21. Rb1 Qc8 22. Qc2
Kg7 23. b4 Nb7 24. Ra1 Be7 25. Rfc1 Kf8 26. Nd1 Ra7 27. Ra2 axb4 28. axb4 Rxa2
29. Qxa2 Ra8 30. Qb2 Qb8 31. Ra1 Ra7 32. Nc3 Qa8 33. Rxa7 Qxa7 34. Qa2 Qxa2 35.
Nxa2 f6 36. Nc3 Ke8 37. Bd1 Kd8 38. Ba4 Kc8 39. Kf2 Bxa4 40. Nxa4 Kb8 41. Ke2
Ka7 42. Nc3 Nd8 43. Kd3 Ka6 44. Kc2 Bf8 45. Kb3 Be7 46. Nb5 Kb7 47. Ka4 Bf8 48.
Nxc7 Kxc7 49. Kb5 Be7 50. Bxb6+ Kb7 51. c5 dxc5 52. bxc5 Nf7 53. Ba5 Bd8 54.
Bb4 Kc7 55. d6+ Kb7 56. c6+ Kc8 57. Kc5 Kb8 58. Kd5 Bb6 59. Ke6 Nd8+ 60. Kd7
 1-0

[Event "IX American Continental Classical Championship 201"]
[Site "Hotel Pipa AtlÃ¢ntico - Praia da Pipa - Rio Grande"]
[Date "2014.10.24"]
[Round "9"]
[Board "53"]
[White "Ribeiro , Allysson"]
[Black "Araujo, Sergio Murilo"]
[Result "0-1"]
[WhiteElo "1926"]
[BlackElo "2109"]
[PlyCount "66"]
[EventDate "2014.10.18"]
[EventRounds "11"]
[EventCountry "BRA"]

1. d4 d5 2. c4 c6 3. Nf3 Nf6 4. Nc3 e6 5. e3 Nbd7 6. Qc2 Bd6 7. b3 O-O 8. Bd3
dxc4 9. Bxc4 e5 10. O-O exd4 11. exd4 Nb6 12. Bd3 h6 13. Re1 Nbd5 14. Nxd5 Nxd5
15. a3 Qf6 16. Bd2 Nf4 17. Be4 Be6 18. Ne5 Rad8 19. Bxf4 Qxf4 20. Re3 Bxe5 21.
g3 Qg5 22. dxe5 Rd7 23. f4 Qd8 24. f5 Rd2 25. Qc3 Rd1+ 26. Rxd1 Qxd1+ 27. Kf2
Rd8 28. Rd3 Rxd3 29. Bxd3 Qxb3 30. Qd4 Bd5 31. e6 Qxa3 32. Qe3 fxe6 33. fxe6
Qa2+ 0-1

[Event "IX American Continental Classical Championship 201"]
[Site "Hotel Pipa AtlÃ¢ntico - Praia da Pipa - Rio Grande"]
[Date "2014.10.24"]
[Round "9"]
[Board "54"]
[White "Reis, Virginia Lagrange M."]
[Black "Abdalla, Jose Lucas Aurelli"]
[Result "0-1"]
[WhiteElo "1852"]
[BlackElo "2100"]
[PlyCount "62"]
[EventDate "2014.10.18"]
[EventRounds "11"]
[EventCountry "BRA"]

1. e4 c5 2. Nf3 Nc6 3. d4 cxd4 4. Nxd4 Nf6 5. Nc3 g6 6. Be2 Bg7 7. Be3 O-O 8.
Qd2 Ne5 9. f3 d5 10. exd5 Nxd5 11. Ne4 Nxe3 12. Qxe3 Qxd4 13. Qxd4 Nxf3+ 14.
Bxf3 Bxd4 15. c3 Bb6 16. Rd1 h6 17. Ke2 Be6 18. b3 a5 19. c4 a4 20. Nc3 axb3
21. axb3 Ra3 22. Nd5 Rxb3 23. Nxe7+ Kg7 24. Nd5 Re8 25. Kd2 Bd4 26. Rb1 Ra3 27.
Rxb7 Bf5 28. Be2 Ra2+ 29. Kc1 Rea8 30. g4 Ra1+ 31. Kd2 R8a2+ 0-1

[Event "IX American Continental Classical Championship 201"]
[Site "Hotel Pipa AtlÃ¢ntico - Praia da Pipa - Rio Grande"]
[Date "2014.10.24"]
[Round "9"]
[Board "55"]
[White "Carneiro, Francisco Caninde Sa"]
[Black "Manzi, Luiz Antonio Bardaro"]
[Result "1/2-1/2"]
[WhiteElo "1887"]
[BlackElo "2092"]
[PlyCount "110"]
[EventDate "2014.10.18"]
[EventRounds "11"]
[EventCountry "BRA"]

1. e4 Nf6 2. Nc3 e5 3. Nf3 Nc6 4. Bc4 Bc5 5. O-O O-O 6. d3 d6 7. h3 Be6 8. Bb3
h6 9. Ne2 Bxb3 10. axb3 Re8 11. c3 Bb6 12. Ng3 d5 13. Qc2 Qd7 14. b4 dxe4 15.
dxe4 Rad8 16. Nf5 Qd3 17. Qxd3 Rxd3 18. Re1 a6 19. Bd2 Ne7 20. Ng3 Red8 21. Re2
Ng6 22. Rae1 Nh7 23. Kf1 Nhf8 24. Bc1 Ne6 25. Nh5 f6 26. Rd2 Rxd2 27. Bxd2 Kf7
28. Ke2 Ng5 29. Nxg5+ hxg5 30. Ng3 Ne7 31. Be3 Bxe3 32. Kxe3 Ng6 33. Ne2 Nf4
34. Nxf4 gxf4+ 35. Ke2 Ke6 36. f3 Rd6 37. Rd1 Rxd1 38. Kxd1 Kd6 39. Ke2 c5 40.
bxc5+ Kxc5 41. Kd3 a5 42. h4 a4 43. h5 b5 44. Kd2 Kc4 45. Kc2 b4 46. cxb4 Kxb4
47. Kd2 Kb3 48. Kc1 a3 49. bxa3 Kxa3 50. Kd2 Kb4 51. Kd3 Kb3 52. Kd2 Kb4 53.
Kd3 Kb5 54. Kc3 Kc5 55. Kd3 Kb4 1/2-1/2